[Event "Open Marianske Lazne 2015 - B2 - mistro"]
[Site "Marianske Lazne CZE"]
[Date "2015.01.21"]
[Round "6.5"]
[White "Paramzina, Anastasia"]
[Black "Biolek-Sen., Richard"]
[Result "0-1"]
[WhiteElo "2083"]
[BlackElo "2424"]
[PlyCount "72"]
[EventDate "2015.01.17"]
[EventType "tourn"]
[EventRounds "9"]
[EventCountry "CZE"]
[EventCategory "1"]
[Source "lmi"]
[SourceDate "2015.01.17"]

1. e4 c5 2. Nf3 e6 3. d4 cxd4 4. Nxd4 Nc6 5. Nb5 d6 6. c4 a6 7. N5c3 Nf6 8. Be2
Be7 9. Be3 b6 10. O-O Bb7 11. Na3 O-O 12. Rc1 Rc8 13. Qd2 Ne5 14. f3 Qc7 15.
Rfd1 Rfd8 16. Kh1 Nfd7 17. Bf1 Qb8 18. Qf2 Ba8 19. Be2 Rf8 20. Qf1 f5 21. exf5
Rxf5 22. Qe1 Rcf8 23. Nc2 Nxf3 24. Bxf3 Rxf3 25. gxf3 Rxf3 26. Kg1 Qe8 27. Bf2
Qg6+ 28. Kf1 Bh4 29. Rd2 Ne5 30. Nd4 Rf8 31. Nd1 Qg2+ 32. Ke2 Qg4+ 33. Kf1 Bg2+
34. Kg1 Be4+ 35. Kf1 Qh3+ 36. Ke2 Bd3+ 0-1

[Event "Open Marianske Lazne 2015 - B2 - mistro"]
[Site "Marianske Lazne CZE"]
[Date "2015.01.22"]
[Round "7.1"]
[White "Kulkarni, Bhakti"]
[Black "Varitski, Igor"]
[Result "1-0"]
[WhiteElo "2292"]
[BlackElo "2225"]
[PlyCount "57"]
[EventDate "2015.01.17"]
[EventType "tourn"]
[EventRounds "9"]
[EventCountry "CZE"]
[EventCategory "1"]
[Source "lmi"]
[SourceDate "2015.01.17"]

1. d4 f5 2. c4 Nf6 3. Nc3 e6 4. e3 d5 5. Bd3 c6 6. Nge2 Bd6 7. f3 O-O 8. Qc2
Nbd7 9. Bd2 Qe8 10. cxd5 cxd5 11. Nb5 Bb8 12. Bb4 Rf7 13. Bd6 Qd8 14. Bc7 Qf8
15. Bxb8 Rxb8 16. Nxa7 Ra8 17. Nb5 Nb6 18. O-O Bd7 19. Qb3 Bxb5 20. Qxb5 Nfd7
21. a4 Qd6 22. Rfc1 Nf6 23. a5 Nbd7 24. Qxb7 Rb8 25. Qc6 Qxc6 26. Rxc6 Rxb2 27.
Rc8+ Nf8 28. Nf4 Re7 29. a6 1-0

[Event "Open Marianske Lazne 2015 - B2 - mistro"]
[Site "Marianske Lazne CZE"]
[Date "2015.01.22"]
[Round "7.2"]
[White "Asadli, Vugar"]
[Black "Piotrowski, Przemyslaw"]
[Result "1-0"]
[WhiteElo "2127"]
[BlackElo "2191"]
[PlyCount "65"]
[EventDate "2015.01.17"]
[EventType "tourn"]
[EventRounds "9"]
[EventCountry "CZE"]
[EventCategory "1"]
[Source "lmi"]
[SourceDate "2015.01.17"]

1. e4 c5 2. c3 b6 3. d4 Bb7 4. d5 d6 5. c4 e5 6. Nc3 Ne7 7. Bd3 g6 8. Nge2 Bg7
9. g4 h5 10. gxh5 Rxh5 11. Ng3 Rh7 12. h4 Nd7 13. Qf3 Nf6 14. Bg5 Nh5 15. Nxh5
gxh5 16. O-O-O Bc8 17. Rdg1 f6 18. Be3 Bd7 19. Rg3 Kf7 20. Rhg1 a6 21. Bf1 Bg4
22. Qg2 Ng6 23. f3 Nf4 24. Qh2 Bd7 25. Bxf4 exf4 26. Rg6 Bh6 27. Bh3 Bg5 28.
Bf5 Bh6 29. Qh3 Bxf5 30. Qxf5 Bg7 31. e5 dxe5 32. Ne4 Qc8 33. Rxg7+ 1-0

[Event "Open Marianske Lazne 2015 - B2 - mistro"]
[Site "Marianske Lazne CZE"]
[Date "2015.01.22"]
[Round "7.3"]
[White "Menezes, Christoph"]
[Black "Paramzina, Anastasia"]
[Result "0-1"]
[WhiteElo "2296"]
[BlackElo "2083"]
[PlyCount "90"]
[EventDate "2015.01.17"]
[EventType "tourn"]
[EventRounds "9"]
[EventCountry "CZE"]
[EventCategory "1"]
[Source "lmi"]
[SourceDate "2015.01.17"]

1. c4 e6 2. g3 d5 3. Nf3 Nf6 4. Bg2 dxc4 5. Qa4+ Nbd7 6. Qxc4 a6 7. Qc2 c5 8.
Nc3 Rb8 9. O-O b5 10. d4 Bb7 11. e4 cxd4 12. Nxd4 Bc5 13. Nb3 Bb6 14. Qe2 O-O
15. e5 Bxg2 16. Kxg2 Nd5 17. Nxd5 exd5 18. Bf4 Re8 19. Rad1 Nxe5 20. Bxe5 f6
21. f4 Bc7 22. Nd4 Rb6 23. Qf3 fxe5 24. fxe5 Bxe5 25. Qf7+ Kh8 26. Nf3 Bxb2 27.
Rxd5 Qa8 28. Rd7 Rf8 29. Qb3 Bf6 30. Rfd1 Rc6 31. R1d3 Rc4 32. R7d5 Re8 33. Qd1
Qc6 34. Rd6 Qe4 35. Rxa6 h6 36. a3 Bg5 37. Rd4 Rc2+ 38. Kh3 Qf5+ 39. g4 Qc8 40.
Rad6 Rc1 41. Qd3 Rc3 42. Qd1 Rxa3 43. Rd3 Rxd3 44. Qxd3 Re3 45. Qd5 Qf8 0-1

[Event "Open Marianske Lazne 2015 - B2 - mistro"]
[Site "Marianske Lazne CZE"]
[Date "2015.01.22"]
[Round "7.4"]
[White "Burnett, Andrew"]
[Black "Nayhebaver, Martin"]
[Result "0-1"]
[WhiteElo "2274"]
[BlackElo "2338"]
[PlyCount "102"]
[EventDate "2015.01.17"]
[EventType "tourn"]
[EventRounds "9"]
[EventCountry "CZE"]
[EventCategory "1"]
[Source "lmi"]
[SourceDate "2015.01.17"]

1. Nf3 Nf6 2. c4 g6 3. Nc3 Bg7 4. d4 O-O 5. g3 d6 6. Bg2 Nc6 7. O-O a6 8. Bf4
Rb8 9. Rc1 Bd7 10. Qd2 b5 11. Nd5 e6 12. Nxf6+ Bxf6 13. d5 Ne7 14. c5 dxc5 15.
d6 cxd6 16. Bxd6 Rc8 17. Rfd1 Bc6 18. Qh6 Bg7 19. Qg5 Re8 20. Bxc5 Nd5 21. Qd2
Bb7 22. e4 Nf6 23. e5 Qxd2 24. Nxd2 Nd5 25. f4 f5 26. Nf3 h6 27. h4 Kf7 28. Kf2
Red8 29. Bd6 Ba8 30. h5 gxh5 31. Rxc8 Rxc8 32. Rd2 Nb6 33. b3 Be4 34. Nd4 Nd5
35. Bf1 h4 36. gxh4 Nxf4 37. a4 Ng6 38. axb5 axb5 39. Nxb5 Nxe5 40. Bc7 Ng4+
41. Kg1 Bf8 42. Bb6 Rc6 43. Rd7+ Kg6 44. Bd4 e5 45. Ba7 Ra6 46. h5+ Kxh5 47.
Rf7 Rxa7 48. Rxf8 Ra1 49. Nd6 Bd3 50. Rxf5+ Bxf5 51. Nxf5 Kg5 0-1

[Event "Open Marianske Lazne 2015 - B2 - mistro"]
[Site "Marianske Lazne CZE"]
[Date "2015.01.22"]
[Round "7.5"]
[White "Biolek-Sen., Richard"]
[Black "Grishchenko, Sergey"]
[Result "1/2-1/2"]
[WhiteElo "2424"]
[BlackElo "2417"]
[PlyCount "20"]
[EventDate "2015.01.17"]
[EventType "tourn"]
[EventRounds "9"]
[EventCountry "CZE"]
[EventCategory "1"]
[Source "lmi"]
[SourceDate "2015.01.17"]

1. c4 e6 2. d4 d5 3. cxd5 exd5 4. Nc3 Nf6 5. Bg5 c6 6. e3 Bf5 7. Qf3 Bg6 8.
Bxf6 gxf6 9. Rc1 Nd7 10. Qd1 Qb6 1/2-1/2

[Event "Open Marianske Lazne 2015 - B2 - mistro"]
[Site "Marianske Lazne CZE"]
[Date "2015.01.23"]
[Round "8.1"]
[White "Varitski, Igor"]
[Black "Nayhebaver, Martin"]
[Result "0-1"]
[WhiteElo "2225"]
[BlackElo "2338"]
[PlyCount "126"]
[EventDate "2015.01.17"]
[EventType "tourn"]
[EventRounds "9"]
[EventCountry "CZE"]
[EventCategory "1"]
[Source "lmi"]
[SourceDate "2015.01.17"]

1. e4 c5 2. c3 Nf6 3. e5 Nd5 4. g3 d6 5. exd6 Qxd6 6. Bg2 Nc6 7. Ne2 Bf5 8. d4
cxd4 9. Na3 d3 10. Nb5 Qc5 11. Ned4 Nxd4 12. Nxd4 Nxc3 13. bxc3 Qxc3+ 14. Bd2
Qxd4 15. O-O e5 16. Bxb7 Rb8 17. Qf3 Bd7 18. Be3 Qg4 19. Bxa7 Qxf3 20. Bxf3 Rb4
21. Rab1 f5 22. Bd5 Rxb1 23. Rxb1 Bd6 24. Bc4 e4 25. f3 Bc6 26. g4 g6 27. gxf5
gxf5 28. Bd4 Rf8 29. Bg7 Bc5+ 30. Kg2 Rf7 31. Bxf7+ Kxf7 32. Bc3 Ke6 33. Kg3 e3
34. Rd1 Bd6+ 35. Kg2 d2 36. Bxd2 exd2 37. Rxd2 Ke5 38. Kg3 Ke6+ 39. Kg2 Bf4 40.
Rd3 h6 41. Rd4 Ke5 42. Rb4 Bd2 43. Rb2 Bc3 44. Rb6 Kd5 45. Rb8 Bd4 46. Rc8 Kd6
47. Kg3 Be5+ 48. Kg2 h5 49. Rd8+ Ke6 50. Rc8 Bb7 51. Rc5 Bd4 52. Rc7 Bd5 53. a4
Ke5 54. Kg3 h4+ 55. Kxh4 Bxf3 56. Kg5 Be3+ 57. Kg6 f4 58. Re7+ Kd6 59. Rf7 Bd5
60. Rf6+ Ke7 61. Kf5 f3 62. Ke5 Bd4+ 63. Kxd4 Kxf6 0-1

[Event "Open Marianske Lazne 2015 - B2 - mistro"]
[Site "Marianske Lazne CZE"]
[Date "2015.01.23"]
[Round "8.2"]
[White "Paramzina, Anastasia"]
[Black "Burnett, Andrew"]
[Result "1-0"]
[WhiteElo "2083"]
[BlackElo "2274"]
[PlyCount "95"]
[EventDate "2015.01.17"]
[EventType "tourn"]
[EventRounds "9"]
[EventCountry "CZE"]
[EventCategory "1"]
[Source "lmi"]
[SourceDate "2015.01.17"]

1. e4 c5 2. Nf3 d6 3. d4 Nf6 4. Bb5+ Nbd7 5. O-O a6 6. Bxd7+ Nxd7 7. e5 cxd4 8.
exd6 e5 9. Re1 Bxd6 10. Nxd4 Nf6 11. Bf4 O-O 12. Bxe5 Bxe5 13. Rxe5 Ng4 14. Re2
Qd6 15. g3 Ne5 16. Re3 Bg4 17. Qe1 Nc4 18. Re4 f5 19. Nxf5 Bxf5 20. Rxc4 Rae8
21. Qd2 Qe6 22. Na3 Bh3 23. Rh4 b5 24. c4 Rd8 25. Qe1 Qd7 26. cxb5 axb5 27.
Nxb5 Qxb5 28. Rxh3 Qxb2 29. Qe6+ Kh8 30. Rf1 Rf6 31. Qe4 h6 32. a4 Rdf8 33. Qe1
Rc8 34. Rh4 Rcf8 35. Re4 Qc2 36. a5 Qc6 37. Re5 Qa4 38. Qc3 Qg4 39. Rb5 Qe2 40.
Qb2 Qc4 41. Rb6 Qc5 42. Qb4 Qc7 43. Rb7 Qc6 44. Qb5 Qc8 45. a6 Rf5 46. Qb2 R5f7
47. Rc1 Qe6 48. a7 1-0

[Event "Open Marianske Lazne 2015 - B2 - mistro"]
[Site "Marianske Lazne CZE"]
[Date "2015.01.23"]
[Round "8.3"]
[White "Grishchenko, Sergey"]
[Black "Menezes, Christoph"]
[Result "1/2-1/2"]
[WhiteElo "2417"]
[BlackElo "2296"]
[PlyCount "33"]
[EventDate "2015.01.17"]
[EventType "tourn"]
[EventRounds "9"]
[EventCountry "CZE"]
[EventCategory "1"]
[Source "lmi"]
[SourceDate "2015.01.17"]

1. d4 d5 2. c4 e6 3. Nc3 Be7 4. cxd5 exd5 5. Qc2 c6 6. Bf4 Nf6 7. e3 Nh5 8. Be5
Nd7 9. Be2 Nxe5 10. dxe5 g6 11. Bxh5 gxh5 12. Nge2 f6 13. exf6 Bxf6 14. O-O-O
O-O 15. e4 d4 16. Qd3 Be6 17. Nxd4 1/2-1/2

[Event "Open Marianske Lazne 2015 - B2 - mistro"]
[Site "Marianske Lazne CZE"]
[Date "2015.01.23"]
[Round "8.4"]
[White "Kulkarni, Bhakti"]
[Black "Asadli, Vugar"]
[Result "1-0"]
[WhiteElo "2292"]
[BlackElo "2127"]
[PlyCount "77"]
[EventDate "2015.01.17"]
[EventType "tourn"]
[EventRounds "9"]
[EventCountry "CZE"]
[EventCategory "1"]
[Source "lmi"]
[SourceDate "2015.01.17"]

1. d4 g6 2. c4 Bg7 3. e4 d6 4. Nc3 Nc6 5. Be3 e5 6. d5 Nd4 7. Nge2 Nxe2 8. Bxe2
f5 9. exf5 gxf5 10. Bh5+ Kf8 11. f4 e4 12. Bd4 Bxd4 13. Qxd4 Qf6 14. Qf2 Bd7
15. O-O-O Qh6 16. Be2 Nf6 17. h3 Qg7 18. g4 fxg4 19. hxg4 Bxg4 20. Bxg4 Qxg4
21. Rh6 Kf7 22. Rg1 Qf3 23. Rxf6+ Kxf6 24. Qd4+ Kf5 25. Rg5+ Kxf4 26. Qf6+ Ke3
27. Rf5 Qxf5 28. Qxf5 Rae8 29. Qf7 Kd3 30. Qf1+ Kd4 31. Nb5+ Ke5 32. Nxc7 Ref8
33. Qh3 Rc8 34. Qe6+ Kf4 35. Qxd6+ Kf3 36. Qf6+ Ke2 37. d6 e3 38. Nd5 Rhf8 39.
Qd4 1-0

[Event "Open Marianske Lazne 2015 - B2 - mistro"]
[Site "Marianske Lazne CZE"]
[Date "2015.01.23"]
[Round "8.5"]
[White "Piotrowski, Przemyslaw"]
[Black "Biolek-Sen., Richard"]
[Result "1/2-1/2"]
[WhiteElo "2191"]
[BlackElo "2424"]
[PlyCount "42"]
[EventDate "2015.01.17"]
[EventType "tourn"]
[EventRounds "9"]
[EventCountry "CZE"]
[EventCategory "1"]
[Source "lmi"]
[SourceDate "2015.01.17"]

1. Nf3 Nf6 2. d4 e6 3. g3 b5 4. a4 b4 5. Bg2 Bb7 6. c4 c5 7. e3 Qc7 8. Nbd2 d6
9. O-O Nbd7 10. b3 Be7 11. Bb2 O-O 12. Rc1 Rac8 13. Qe2 a6 14. Rfd1 Qb8 15. h3
Rfd8 16. Ba1 Qa8 17. Rc2 a5 18. Ne1 Rc7 19. Bxb7 Qxb7 20. Nd3 h6 21. Qf3 Qxf3
1/2-1/2

[Event "Open Marianske Lazne 2015 - B2 - mistro"]
[Site "Marianske Lazne CZE"]
[Date "2015.01.24"]
[Round "9.2"]
[White "Menezes, Christoph"]
[Black "Piotrowski, Przemyslaw"]
[Result "1/2-1/2"]
[WhiteElo "2296"]
[BlackElo "2191"]
[PlyCount "87"]
[EventDate "2015.01.17"]
[EventType "tourn"]
[EventRounds "9"]
[EventCountry "CZE"]
[EventCategory "1"]
[Source "lmi"]
[SourceDate "2015.01.17"]

1. d4 d5 2. c4 dxc4 3. Nf3 Nf6 4. e3 e6 5. Bxc4 a6 6. O-O c5 7. Bb3 Nc6 8. Qe2
cxd4 9. Rd1 Be7 10. exd4 O-O 11. Nc3 Nd5 12. Bc2 b5 13. Nxd5 Qxd5 14. Be4 Qd6
15. Qc2 Bb7 16. Bxh7+ Kh8 17. Be4 Bf6 18. Bg5 Nxd4 19. Rxd4 Bxd4 20. Bxb7 Rab8
21. Be4 Rbc8 22. Qe2 f5 23. Nxd4 Qxd4 24. Bf3 Qc4 25. Qe1 f4 26. h4 b4 27. Be7
Rfe8 28. Bxb4 e5 29. Be4 Rcd8 30. Bc3 Rd6 31. Rd1 Rh6 32. Bd5 Qc7 33. f3 Qe7
34. Be4 Rxh4 35. Bxe5 Qc5+ 36. Bd4 Qh5 37. Kf2 Rh2 38. Qg1 Rxe4 39. fxe4 f3 40.
Ke3 fxg2 41. Qf2 Qh3+ 42. Kf4 Qh6+ 43. Kf3 Qh5+ 44. Ke3 1/2-1/2

[Event "Open Marianske Lazne 2015 - B2 - mistro"]
[Site "Marianske Lazne CZE"]
[Date "2015.01.24"]
[Round "9.3"]
[White "Burnett, Andrew"]
[Black "Grishchenko, Sergey"]
[Result "0-1"]
[WhiteElo "2274"]
[BlackElo "2417"]
[PlyCount "100"]
[EventDate "2015.01.17"]
[EventType "tourn"]
[EventRounds "9"]
[EventCountry "CZE"]
[EventCategory "1"]
[Source "lmi"]
[SourceDate "2015.01.17"]

1. e4 c6 2. Nc3 d5 3. Qe2 dxe4 4. Nxe4 Nf6 5. Nxf6+ gxf6 6. Nf3 Qa5 7. g3 Bf5
8. c3 Nd7 9. d4 Nb6 10. a4 Be6 11. b4 Qh5 12. Nh4 Qd5 13. Bg2 Qb3 14. Qb2 Qxb2
15. Bxb2 Nc4 16. Bc1 Bd5 17. a5 e6 18. O-O Kd7 19. Re1 Bd6 20. Bf1 b6 21. axb6
axb6 22. Bh6 Be7 23. Ng2 b5 24. Bd3 f5 25. Nf4 Bf3 26. Bc2 Na3 27. Bb3 Be4 28.
Re2 Nb1 29. Rea2 Rxa2 30. Rxa2 Rc8 31. f3 Bxf3 32. Nd3 Bd5 33. Ra7+ Rc7 34.
Ne5+ Kc8 35. Rxc7+ Kxc7 36. c4 bxc4 37. Bxc4 Bxc4 38. Nxc4 Bxb4 39. Bf4+ Kb7
40. Bd6 Nd2 41. Bxb4 Nxc4 42. Kf2 Kb6 43. Kf3 Kb5 44. Be1 Nb6 45. Kf4 f6 46. h3
Nd5+ 47. Kf3 Kc4 48. Bf2 Kd3 49. g4 f4 50. h4 e5 0-1

[Event "Open Marianske Lazne 2015 - B2 - mistro"]
[Site "Marianske Lazne CZE"]
[Date "2015.01.24"]
[Round "9.4"]
[White "Nayhebaver, Martin"]
[Black "Paramzina, Anastasia"]
[Result "1-0"]
[WhiteElo "2338"]
[BlackElo "2083"]
[PlyCount "61"]
[EventDate "2015.01.17"]
[EventType "tourn"]
[EventRounds "9"]
[EventCountry "CZE"]
[EventCategory "1"]
[Source "lmi"]
[SourceDate "2015.01.17"]

1. e4 c5 2. Nf3 d6 3. d4 cxd4 4. Nxd4 Nf6 5. Nc3 a6 6. Be3 e6 7. f3 b5 8. Qd2
Nbd7 9. O-O-O Nb6 10. Qf2 Nfd7 11. f4 Bb7 12. f5 e5 13. Ne6 fxe6 14. fxe6 Qf6
15. exd7+ Nxd7 16. Qd2 Rc8 17. Bd3 Qe6 18. Nd5 Nf6 19. Qa5 Nxd5 20. exd5 Bxd5
21. Qxa6 Bxg2 22. Bxb5+ Kf7 23. Rhf1+ Kg8 24. Ba4 Qh3 25. Bb3+ d5 26. Rxd5 h5
27. Rxe5+ Kh7 28. Qd3+ g6 29. Re7+ Bg7 30. Rxg7+ Kxg7 31. Qd4+ 1-0

[Event "Open Marianske Lazne 2015 - B2 - mistro"]
[Site "Marianske Lazne CZE"]
[Date "2015.01.24"]
[Round "9.5"]
[White "Biolek-Sen., Richard"]
[Black "Kulkarni, Bhakti"]
[Result "1/2-1/2"]
[WhiteElo "2424"]
[BlackElo "2292"]
[PlyCount "22"]
[EventDate "2015.01.17"]
[EventType "tourn"]
[EventRounds "9"]
[EventCountry "CZE"]
[EventCategory "1"]
[Source "lmi"]
[SourceDate "2015.01.17"]

1. e4 d6 2. Nc3 e5 3. Bc4 Nf6 4. d3 Be7 5. f4 exf4 6. Bxf4 Nc6 7. Nf3 Na5 8.
Bb3 Nxb3 9. axb3 O-O 10. O-O c6 11. Qd2 Bg4 1/2-1/2

[Event "Open Marianske Lazne 2015 - C - open"]
[Site "Marianske Lazne CZE"]
[Date "2015.01.17"]
[Round "1.1"]
[White "Ivanov, Mikhail M"]
[Black "Simkin, Alexander"]
[Result "1-0"]
[WhiteElo "2394"]
[BlackElo "1844"]
[PlyCount "69"]
[EventDate "2015.01.17"]
[EventType "swiss"]
[EventRounds "9"]
[EventCountry "CZE"]
[Source "lmi"]
[SourceDate "2015.01.17"]

1. d4 d5 2. c4 c6 3. e3 Nf6 4. Nc3 e6 5. Nf3 Bd6 6. Bd3 dxc4 7. Bxc4 b5 8. Bd3
Bb7 9. a4 a6 10. e4 Be7 11. e5 Nd5 12. Ne4 h6 13. O-O Nd7 14. Qe2 Nb4 15. Bb1
a5 16. Nfd2 Nb6 17. Nc5 Bxc5 18. dxc5 Nxa4 19. Ne4 Qe7 20. Be3 Nd5 21. Rc1 Nxe3
22. fxe3 Ba6 23. Qc2 Rd8 24. b3 Rd5 25. bxa4 b4 26. Nd6+ Kf8 27. Ba2 Rxe5 28.
e4 Qg5 29. Qf2 Qg6 30. Bc4 Bxc4 31. Rxc4 h5 32. h4 Ke7 33. Rd1 Rb8 34. Qd4 f6
35. Nc8+ 1-0

[Event "Open Marianske Lazne 2015 - C - open"]
[Site "Marianske Lazne CZE"]
[Date "2015.01.17"]
[Round "1.2"]
[White "Muecke, Michael"]
[Black "Strebkovs, Andrejs"]
[Result "0-1"]
[WhiteElo "1829"]
[BlackElo "2335"]
[PlyCount "54"]
[EventDate "2015.01.17"]
[EventType "swiss"]
[EventRounds "9"]
[EventCountry "CZE"]
[Source "lmi"]
[SourceDate "2015.01.17"]

1. d4 Nf6 2. c4 g6 3. Nc3 d6 4. e4 Bg7 5. Nf3 O-O 6. h3 a6 7. Be3 Nbd7 8. Qd2
c5 9. d5 b5 10. Bd3 Nb6 11. Rc1 Nxc4 12. Bxc4 bxc4 13. O-O Rb8 14. Rfe1 Qb6 15.
e5 Ne8 16. Bh6 Qxb2 17. Rc2 Qb7 18. Re4 Bf5 19. Rh4 f6 20. e6 Bxc2 21. Bxg7
Nxg7 22. Qh6 g5 23. Rg4 Bg6 24. h4 Nf5 25. Qxf8+ Rxf8 26. Ne4 Nxh4 27. Nexg5
fxg5 0-1

[Event "Open Marianske Lazne 2015 - C - open"]
[Site "Marianske Lazne CZE"]
[Date "2015.01.17"]
[Round "1.3"]
[White "Gasthofer, Viktor"]
[Black "Dadello, Andrzej"]
[Result "1-0"]
[WhiteElo "2323"]
[BlackElo "1816"]
[PlyCount "127"]
[EventDate "2015.01.17"]
[EventType "swiss"]
[EventRounds "9"]
[EventCountry "CZE"]
[Source "lmi"]
[SourceDate "2015.01.17"]

1. c4 e6 2. Nf3 d5 3. d4 Nf6 4. g3 c6 5. Nbd2 Bd6 6. Bg2 Nbd7 7. O-O O-O 8. Qc2
e5 9. cxd5 cxd5 10. dxe5 Nxe5 11. Nxe5 Bxe5 12. Nf3 Qc7 13. Qxc7 Bxc7 14. Be3
Bd6 15. Bd4 Ne4 16. Rfd1 Be6 17. Ne1 Be7 18. Rac1 Rfc8 19. Nd3 b6 20. Nf4 Bf6
21. Bxf6 Nxf6 22. Rxc8+ Rxc8 23. Nxd5 Nxd5 24. Bxd5 Rd8 25. e4 Kf8 26. Kg2 Ke7
27. Kf3 Bxd5 28. Rxd5 Rc8 29. Ke3 Rc2 30. Rd2 Rc1 31. h4 Re1+ 32. Kf4 Rc1 33.
h5 g6 34. hxg6 hxg6 35. g4 Rc5 36. g5 Rc4 37. f3 Rc1 38. Rd5 Rc2 39. Rb5 Kd7
40. Ke5 Ke7 41. a4 Rf2 42. f4 Rc2 43. b3 Rc3 44. Rb4 Rc6 45. Rc4 Re6+ 46. Kd4
Rd6+ 47. Kc3 Rd7 48. Rc6 Ke8 49. Kc4 Kd8 50. e5 Ke7 51. b4 Ke8 52. Rf6 Re7 53.
Kb5 Rc7 54. e6 fxe6 55. Rxg6 Re7 56. Rh6 e5 57. Rh8+ Kd7 58. f5 e4 59. f6 Re5+
60. Ka6 e3 61. f7 e2 62. f8=Q e1=Q 63. Qc8+ Kd6 64. Rd8+ 1-0

[Event "Open Marianske Lazne 2015 - C - open"]
[Site "Marianske Lazne CZE"]
[Date "2015.01.17"]
[Round "1.4"]
[White "Kasik, Miroslav"]
[Black "Kolbus, Dietmar"]
[Result "0-1"]
[WhiteElo "1801"]
[BlackElo "2319"]
[PlyCount "144"]
[EventDate "2015.01.17"]
[EventType "swiss"]
[EventRounds "9"]
[EventCountry "CZE"]
[Source "lmi"]
[SourceDate "2015.01.17"]

1. e4 c5 2. Nc3 Nc6 3. g3 d6 4. Bg2 g6 5. f4 Bg7 6. d3 Nf6 7. Nf3 Bg4 8. h3
Bxf3 9. Bxf3 Qd7 10. g4 O-O-O 11. Ne2 Kb8 12. Be3 h5 13. g5 Ne8 14. c3 e5 15.
Qc2 Rc8 16. Qd2 Nc7 17. Bg2 f6 18. h4 fxg5 19. fxg5 Rcf8 20. Bh3 Qe7 21. O-O-O
d5 22. exd5 Nxd5 23. Rhf1 b6 24. Bg1 Kb7 25. Bg2 Qe6 26. Bh2 Rxf1 27. Rxf1 Rd8
28. Ng1 Nde7 29. Be4 Qxa2 30. Qg2 Qe6 31. Nf3 Kc8 32. Nd2 Na5 33. Kc2 Rf8 34.
Rxf8+ Bxf8 35. Qf3 Bg7 36. Qg2 Kd7 37. c4 Nac6 38. Nf3 Ke8 39. b3 Nf5 40. Bg1
Nb4+ 41. Kb1 Nd6 42. Ne1 Nxe4 43. Qxe4 Qc6 44. Qe2 Qd6 45. Qe4 Kf7 46. Be3 Qc6
47. Kc1 Qxe4 48. dxe4 Bf8 49. Kd2 Bd6 50. Nf3 Ke6 51. Bf2 Nc6 52. Kd3 Nb8 53.
Be3 Nd7 54. Bf2 a6 55. Be3 Bc7 56. Bf2 b5 57. Be1 Nb8 58. Bf2 Bd6 59. Be3 Nc6
60. Bf2 Be7 61. Be3 Kd6 62. Bf2 Bd8 63. Be3 Ba5 64. Bf2 Bb4 65. cxb5 axb5 66.
Kc2 Nd4+ 67. Bxd4 exd4 68. Kd3 Ke6 69. Kc2 Ba5 70. Kd3 Bc3 71. Kc2 c4 72. bxc4
bxc4 0-1

[Event "Open Marianske Lazne 2015 - C - open"]
[Site "Marianske Lazne CZE"]
[Date "2015.01.17"]
[Round "1.5"]
[White "Bretsnajdr, Vladimir"]
[Black "Svec, Jan"]
[Result "1-0"]
[WhiteElo "2288"]
[BlackElo "1800"]
[PlyCount "65"]
[EventDate "2015.01.17"]
[EventType "swiss"]
[EventRounds "9"]
[EventCountry "CZE"]
[Source "lmi"]
[SourceDate "2015.01.17"]

1. d4 Nf6 2. c4 g6 3. g3 Bg7 4. Bg2 c6 5. Nc3 d5 6. Qb3 dxc4 7. Qxc4 O-O 8. Nf3
Bg4 9. h3 Bxf3 10. Bxf3 Nbd7 11. Qb3 Nb6 12. e3 Re8 13. O-O e5 14. dxe5 Rxe5
15. e4 Qd7 16. Bg2 Qe6 17. Qc2 Rh5 18. g4 Nxg4 19. hxg4 Qxg4 20. Ne2 Be5 21. f4
Bc7 22. Rf3 Re8 23. Rg3 Qd7 24. Be3 Nd5 25. exd5 Rxe3 26. Rxe3 Bb6 27. Qd3 Qe7
28. Nd4 Qf6 29. Rd1 Qxf4 30. dxc6 bxc6 31. Qe4 Qd6 32. Qe8+ Kg7 33. Nf5+ 1-0

[Event "Open Marianske Lazne 2015 - C - open"]
[Site "Marianske Lazne CZE"]
[Date "2015.01.17"]
[Round "1.6"]
[White "Kucera, Jan"]
[Black "Haugli, Petter"]
[Result "0-1"]
[WhiteElo "1797"]
[BlackElo "2278"]
[PlyCount "96"]
[EventDate "2015.01.17"]
[EventType "swiss"]
[EventRounds "9"]
[EventCountry "CZE"]
[Source "lmi"]
[SourceDate "2015.01.17"]

1. e4 c5 2. Nf3 e6 3. d4 cxd4 4. Nxd4 Bc5 5. Nb3 Bb6 6. Nc3 Ne7 7. Bf4 d5 8.
exd5 Nxd5 9. Nxd5 exd5 10. Bxb8 Qe7+ 11. Qe2 Rxb8 12. Qxe7+ Kxe7 13. Bd3 Bg4
14. O-O Kf6 15. h3 Bh5 16. g4 Bg6 17. Bxg6 hxg6 18. Kg2 Rhe8 19. Rfe1 Re6 20.
Rxe6+ fxe6 21. Rd1 Ke5 22. Kg3 g5 23. Re1+ Kd6 24. Nd2 Bd4 25. Rd1 Be5+ 26. Kg2
Bf4 27. Nf3 Rc8 28. c3 Rc6 29. Ne1 e5 30. f3 a5 31. Nd3 Rc4 32. Nxf4 Rxf4 33.
Rd2 b5 34. a3 Kc5 35. b4+ Kd6 36. Rb2 a4 37. Rd2 Rc4 38. Rd3 d4 39. cxd4 exd4
40. Kf2 Rc2+ 41. Kg3 Kd5 42. Rd1 Rc3 43. Ra1 Kc4 44. Kf2 Rc2+ 45. Ke1 d3 46.
Rb1 Kd4 47. Kf1 Ke3 48. f4 d2 0-1

[Event "Open Marianske Lazne 2015 - C - open"]
[Site "Marianske Lazne CZE"]
[Date "2015.01.17"]
[Round "1.7"]
[White "Swicarz, Maciej"]
[Black "Mc Aleenan, Charles"]
[Result "1-0"]
[WhiteElo "2276"]
[BlackElo "1795"]
[PlyCount "83"]
[EventDate "2015.01.17"]
[EventType "swiss"]
[EventRounds "9"]
[EventCountry "CZE"]
[Source "lmi"]
[SourceDate "2015.01.17"]

1. e4 d6 2. d4 Nf6 3. Nc3 e5 4. Nf3 Nbd7 5. Bc4 Be7 6. O-O h6 7. a4 c6 8. Re1
Qc7 9. a5 g5 10. b3 Rg8 11. Ba3 Nf8 12. Qd2 Ng6 13. Qe3 Nf4 14. Red1 Bg4 15.
dxe5 dxe5 16. Bxe7 Qxe7 17. Rd2 Kf8 18. Ne2 Nxe2+ 19. Bxe2 Bxf3 20. Bxf3 Kg7
21. Rad1 Qb4 22. a6 bxa6 23. h3 Qe7 24. Qc3 Rac8 25. Qa5 c5 26. Bg4 Rc6 27. Bd7
Rb6 28. Bf5 Rgb8 29. Rd3 h5 30. Qd2 Kh6 31. h4 Rg8 32. hxg5+ Rxg5 33. Rd8 Ng4
34. Rd7 Qf8 35. Rxa7 Qg8 36. g3 Nf6 37. Kg2 Ng4 38. Qc1 Rf6 39. Rh1 Rfxf5 40.
exf5 Nf6 41. Rxa6 Qg7 42. Rxh5+ 1-0

[Event "Open Marianske Lazne 2015 - C - open"]
[Site "Marianske Lazne CZE"]
[Date "2015.01.17"]
[Round "1.8"]
[White "Bublik, Frantisek"]
[Black "Heydarli, Kanan"]
[Result "0-1"]
[WhiteElo "1783"]
[BlackElo "2273"]
[PlyCount "62"]
[EventDate "2015.01.17"]
[EventType "swiss"]
[EventRounds "9"]
[EventCountry "CZE"]
[Source "lmi"]
[SourceDate "2015.01.17"]

1. e4 c5 2. Nf3 e6 3. d4 cxd4 4. Nxd4 a6 5. c4 Nf6 6. Nc3 Qc7 7. Bd3 g6 8. Be3
Bg7 9. Rc1 b6 10. O-O O-O 11. f4 d6 12. Be2 Bb7 13. Qd3 Nbd7 14. Bf3 Rac8 15.
b4 Qxc4 16. Qb1 Qc7 17. Nd5 Qd8 18. Nc6 Nxd5 19. Nxd8 Nxe3 20. Rf2 Rcxd8 21.
Qd3 a5 22. a3 e5 23. Qxd6 exf4 24. Qxf4 Bd4 25. Kh1 axb4 26. axb4 Ne5 27. Qf6
Rfe8 28. Rc7 Bc6 29. Be2 Ra8 30. h3 Ra1+ 31. Kh2 N5g4+ 0-1